000 01187nam2a22003491 4500
001 v19\rc\1968840
005 20251118181049.8
035 _a(NLR Aleph) 005051184
090 _a6896375
_c6896374
100 _a20080428d1914 u y0rusy50 ca
101 0 _arus
102 _aRU
105 _ay z |||||
200 1 _aСухопутные силы Англии
215 _a63 с.
461 0 _1001v19\rc\1968835
_12001#$aВооруженные силы иностранных государств$fЛ.Б. Вып. 1-6$vВып. 5
_96896326
_cМосква
_d1914
_fЛ.Б. Вып. 1-6
_nт-во "Печатня С.П. Яковлева"
_p6 т.
_tВооруженные силы иностранных государств
_vВып. 5
801 0 _aRU
_bNLR
_gpsbo
801 0 _aRU
_bRuMoRGB
_2psbo
801 1 _aRU
_bProSoft-M
_2rusmarc
852 _aNLR
_j128/1408(5)
852 _aNLR
_j37.80.4.22
899 _aRuMoRGB
_jT 1/776
899 _aRuMoRGB
_jW 18/861
899 _aRuMoRGB
_jΔ 9/230
899 _aRuMoRGB
_jS 9/651
899 _aRuMoRGB
_jJ 92/121
899 _aБАН
899 _aНБ СПбГУ
899 _aГПИБ
899 _aНБ МГУ
942 _cBOOK
980 _aNB